000 00584nam a22001811a 4500
082 _aS 294.592 5
_bWIL/V
245 _aThe vishnu purana :a system of hindu mythology and tradition text in devanagiri english translation notes and appendices etc. translated from the original sanskrit (v.1/
_cby Wilson H H (ill.)
260 _aDelhi:
_bNag,
_c1980.
300 _a500p.
650 _aVishnupurana
650 _aPurana
650 _aVedic Literature
650 _aHinduism
650 _aReligion
700 _aWilson H H (ill.)
700 _aNag Sharan Singh (ed.)
942 _cBK
999 _c50088
_d50088